|
|
|
|
| LEADER |
00000cam a2200000 a 4500 |
| 001 |
vtls001453387 |
| 003 |
SK-MaSNL |
| 005 |
20260301104016.0 |
| 008 |
240226s2003 xo gr 000 j slo |
| 015 |
|
|
|a SNBA2003/12-04636
|
| 020 |
|
|
|a 8055104921
|q (viazané)
|
| 035 |
|
|
|a SNK000408694
|
| 035 |
|
|
|a urn:nbn:sk:snk-am3j10u
|
| 035 |
|
|
|a EA800AA4-10B0-4BB1-8E5B-8DB2AF7A95B2
|
| 035 |
|
|
|a urn:nbn:sk:snk-am00ggka
|
| 040 |
|
|
|a SNK
|b slo
|c SNK
|e AACR2
|
| 041 |
0 |
|
|a slo
|
| 043 |
|
|
|a e-xo---
|
| 044 |
|
|
|a xo
|c SK
|
| 072 |
|
7 |
|a 821.162.4-3
|x Slovenská próza
|2 konspekt
|
| 080 |
|
|
|a 821.162.4-3
|2 1997
|
| 080 |
|
|
|a 821.162.4-32
|2 2011
|
| 080 |
|
|
|a (0:82-7)
|2 2011
|
| 100 |
1 |
|
|a Jesenský, Janko,
|d 1874-1945
|4 aut
|9 185488
|
| 245 |
1 |
0 |
|a Malomestské rozprávky
|c Janko Jesenský
|
| 250 |
|
|
|a 1. vyd.
|
| 260 |
|
|
|a Bratislava
|b Media klub
|c 2003
|
| 300 |
|
|
|a 230 strán
|c 21 cm
|
| 500 |
|
|
|a Vydal Ikar pre Media klub
|
| 655 |
|
7 |
|a slovenské poviedky
|2 SNKPH
|9 70226
|
| 655 |
|
7 |
|a satira
|2 SNKPH
|9 70587
|
| 655 |
|
7 |
|a spoločenské poviedky
|2 SNKPH
|9 279846
|
| 710 |
2 |
|
|a Ikar (vydavateľstvo)
|4 pbl
|9 85096
|
| 919 |
|
|
|a 80-551-0492-1
|
| 958 |
|
|
|a TL
|
| 958 |
|
|
|a LX
|
| 958 |
|
|
|a OND
|
| 999 |
|
|
|c 696972
|d 698902
|
| 952 |
|
|
|t P60, <03>, [BOOK], {603}
|a SNK
|b SNK
|y PREZ
|7 0
|p 17A0384081
|o snkSC 111637
|i snkKSP 5864/2003
|0 0
|1 0
|4 0
|d 2003-05-15
|f 1
|l 0
|r 2025-10-01 00:00:00
|w 2026-02-23
|
| 952 |
|
|
|t P60, <04>, [BOOK], {604}
|a SNK
|b SNK
|y VYP
|7 0
|p 17A0384082
|o snkSC 111637 D1
|i snkKSP 5865/2003
|0 0
|1 0
|4 0
|d 2003-05-15
|l 0
|r 2005-01-02 00:00:00
|w 2026-02-23
|